Statistics for Brand Logos - Apps

Click here to take the quiz!

General Stats

  • This quiz has been taken 3,056 times
  • The average score is 14 of 15

Answer Stats

Answer% Correct
Twitter
98%
Facebook
96%
Snapchat
95%
Youtube
95%
Gmail
94%
Instagram
94%
Spotify
94%
Netflix
93%
Android
89%
Google Maps
89%
Apple Music
87%
WhatsApp
87%
PayPal
86%
Skype
81%
Discord
74%

Score Distribution

Percentile by Number Answered

Percent of People with Each Score

Your Score History

You have not taken this quiz